000 00572nam a2200181Ia 4500
001 1708
003 GE_BSU
008 181216s||||||||xx |||||||||||||| ||und||
040 _cGE_BSU
080 _a811.353.1(083)
245 _aქართულ–ინგლისური ლექსიკონი. ტ.2
245 _cრედ.ნანა დემურია
260 _aთბილისი
300 _a246 გვ. 19 სმ.
541 _h6 ლ.
653 _aლექსიკონი ქართულ –ინგლისური
942 _cBK
999 _c35819
_d35819